000 00637nam a2200193Ia 4500
003 GCL
008 140319s9999 xx 000 0 ara d
040 _aGCL /
_cGCL
082 0 4 _a595.7
_bا ا
100 1 _aاحمد لطفى عبدالسلام
245 1 0 _aالافات الحشرية فى مصر والبلاد العربية وطرق السيطرة عليها /
_cاحمد لطفى عبدالسلام
260 _a[S.N] :
_bالمكتبة الاكاديمية ،
_c1993
300 _a393
490 _a
650 0 4 _aالزراعة
650 0 4 _aالافات الزراعية
650 0 4 _aالحشرات
942 _2ddc
_cBK
999 _c53727
_d53727